| 000 | 00571nam a2200181Ia 4500 | ||
|---|---|---|---|
| 008 | 151018s9999 xx 000 0 und d | ||
| 082 |
_bRBASDV38718 _a380 |
||
| 100 | _aजयंती घोष | ||
| 245 | _aव्यवसाय मार्गदर्शक | ||
| 250 | _b1 | ||
| 260 |
_bक्ष _c2002 |
||
| 300 | _a19 | ||
| 600 | _aजयंती घोष | ||
| 630 | _aव्यवसाय मार्गदर्शक | ||
| 700 | _aजयंती घोष | ||
| 730 | _aव्यवसाय मार्गदर्शक | ||
| 942 | _cBOOK | ||
| 999 |
_c1038099 _d1038096 |
||